[Event "BCF-chT 2324 (4NCL)"]
[Site "England"]
[Date "2024.03.16"]
[Round "7.1"]
[White "Makkar, Rajat"]
[Black "Berry, Neil"]
[Result "1-0"]
[WhiteElo "2453"]
[BlackElo "2255"]
[PlyCount "97"]
[EventDate "2023.11.11"]
[EventType "team-tourn"]
[EventRounds "11"]
[EventCountry "ENG"]
[SourceTitle "EXT 2025"]
[Source "ChessBase"]
[SourceDate "2024.10.14"]
[SourceVersion "1"]
[SourceVersionDate "2024.10.14"]
[SourceQuality "1"]
[WhiteTeam "The Sharks"]
[BlackTeam "Alba"]
[WhiteTeamCountry "ENG"]
[BlackTeamCountry "ENG"]

1. c4 e6 2. g3 d5 3. Nf3 Nf6 4. Bg2 c5 5. cxd5 exd5 6. d4 Nc6 7. 0-0 Be7 8. dxc5 Bxc5 9. Bg5 0-0 10. Qc1 Be7 11. Nc3 Be6 12. Rd1 h6 13. Be3 Qc8 14. Nd4 Rd8 15. Ncb5 Bh3 16. Nxc6 bxc6 17. Nxa7 Qd7 18. Nxc6 Bxg2 19. Kxg2 Rac8 20. Nxe7+ Qxe7 21. Qd2 Qe4+ 22. f3 Qe6 23. Bd4 Re8 24. e3 Nh7 25. h4 Nf6 26. Rac1 Nh5 27. Rxc8 Rxc8 28. Rc1 Ra8 29. a3 Qd6 30. Qf2 Nf6 31. Qc2 Qa6 32. Kf2 Rb8 33. Qc7 Re8 34. Qc6 Qd3 35. Qc2 Qa6 36. Qf5 Qa5 37. Qd3 Nd7 38. Qc3 Qa6 39. b4 Qe6 40. Kg2 f6 41. b5 Ne5 42. Bxe5 fxe5 43. Qc6 Qf7 44. Rc5 Rd8 45. Qc7 Qf8 46. b6 e4 47. f4 Rb8 48. Rxd5 Rc8 49. Rd7 1-0